Geography Quiz

Random Geography or City Quiz

Name the cities by airport names Quiz Stats

 Plays Quiz not verified by Sporcle

Support Sporcle.
Go Orange.
Score 0/20 Timer 05:00
0 Plays Today
Hint Answer % Correct
John LennonLiverpool
75.1%
ChangiSingapore
74.6%
KansaiOsaka
63.5%
Chhatrapati ShivajiMumbai
55.8%
GardermoenOslo
49.7%
PulkovoSt Petersburg
48.1%
Sabiha GokcenIstanbul
47.5%
Saint-ExuperyLyon
45.3%
KlotenZurich
44.8%
GaleaoRio de Janeiro
43.1%
Hint Answer % Correct
Ministro Pistarini (Ezeiza)Buenos Aires
42.5%
Nikola TeslaBelgrade
40.9%
Bob HopeBurbank
37%
TocumenPanama City
35.9%
Princess JulianaSt Maarten
33.7%
King FahdDammam
25.4%
Francisco sa CarneiroPorto
23.8%
Murtala MuhammedLagos
22.7%
Eppley Omaha
18.8%
M.R. StefanikBratislava
17.1%

You're not logged in!

Compare scores with friends on all Sporcle quizzes.
OR
Log In

From the Vault

Speed Sports II

by nomuny12

Think of this quiz as 100 yards sprints - do it fast.
Remove Ads.
Support Sporcle.
Get the best of Sporcle when you Go Orange. This ad-free experience offers more features, more stats, and more fun while also helping to support Sporcle. Thank you for becoming a member.

Show Comments

Extras

Created Jan 27, 2016ReportNominate
Tags:City Quiz, Airline, airport

Top Quizzes Today


Score Distribution

Your Account Isn't Verified!

In order to create a playlist on Sporcle, you need to verify the email address you used during registration. Go to your Sporcle Settings to finish the process.

Report this User

Report this user for behavior that violates our Community Guidelines.

Details: